Top 10 Most Popular NCS Songs On Letter ,,R'' - Statistics

General Stats
  • This quiz has been taken 8 times
  • The average score is 9 of 10
Answer Stats
Creator Song
Views
% Correct
Anna Yvette Red Line 11M
100%
Egzod, Veronica Bravo, M.I.M.E Rise Up 18M
100%
Egzod, Maestro Chives, Neoni Royalty 85M
100%
Egzod, Maestro Chives, Neoni Royalty (Wiguez & Alltair Remix) 14M
100%
Distrion, Electro-Light Rubik 22M
100%
Rob Gasser Ricochet 8,1M
83%
Tobu Roots 18M
83%
Halcyon, Valentica Franco Runaway 8,4M
83%
Besomorph, Coopex, Riell Redemption 10M
67%
Raven, Kreyn RICH 9,3M
67%
No matching quizzes found
Score Distribution
Percent of People with Each Score
Percentile by Number Answered
Your Score History
You have not taken this quiz